The G.O.A.T.s of Swimming - Statistics

General Stats
  • This quiz has been taken 186 times
  • The average score is 3 of 7
Answer Stats
Answer % Correct
Michael Phelps
99%
Katie Ledecky
54%
Mark Spitz
49%
Ryan Lochte
44%
Ian Thorpe
42%
Janet Evans
7%
Dara Torres
4%
No matching quizzes found
Score Distribution
Percent of People with Each Score
Percentile by Number Answered
Your Score History
You have not taken this quiz